000 00950cab a2200217 4500
001 ABS32609
008 090401t1984 xxu||||| |||| 00| 0 eng d
035 _a(Sirsi) u67735
041 _aeng
100 _aVincent, Peter
245 _aMinerals: some problems of valuation
260 _c1984
350 _a0
490 _aEstates Gazette
_v269(6170) 4 February 1984, 389-393(3)
520 _aExamines some of the general problems of mineral valuation such as the definition of minerals, the choice of royalty, deciding what risk rate to apply and whether to apply single-rate or dual-rate figures. Attempts to explain why over recent years, there have been a number of acquisitions of large mineral-producing companies at very high prices, at a time when the level of economic activity was very low.
650 _aMINERAL VALUATION
690 _aMINING AND MINERALS
690 _aRATING AND VALUATION
942 _n0
948 _c04/03/1997
999 _c42417
_d42417